000 00380nam a2200145Ia 4500
005 20250319123255.0
008 240331s9999 xx 000 0 und d
082 _bPAN
_a894
100 _aPanjangam, K
245 0 _aIlakkiyathin eruppiyalum thiranaivin iyangiyalum
260 _aBangalore
_bShanmuga Sundaram
_c2000
300 _a256 p .,
650 _aTamil Illakiyam
942 _cL
999 _c4085
_d4085